| 000 | 01059nam a2200325Ia 4500 | ||
|---|---|---|---|
| 001 | dia_5598 | ||
| 003 | CHAP | ||
| 005 | 20251023173000.0 | ||
| 008 | 220117s2004 xx 000 0 und d | ||
| 010 | _a176523 | ||
| 020 | _a84-200-1020-0 | ||
| 040 | _cCHAP | ||
| 082 | _a664.0288 I77 2004 | ||
| 245 |
_aIrradiación de los alimentos : principios y aplicaciones / _c editor R. A. Molins ; traducción Alberto Ibarz Ribas |
||
| 260 |
_aEspaña : _b Acribia, _c2004 |
||
| 300 | _axv, 490 p. | ||
| 500 | _aTítulo original: Food irradiation. Principles and applications | ||
| 503 | _aC. | ||
| 504 | _aIncluye bibliografías | ||
| 590 | _aTP371.8 I77 2004 | ||
| 650 |
_aConservación de alimentos por radiación _9159034 |
||
| 650 |
_aFood irradiation _9151822 |
||
| 650 | 0 |
_aFood preservation _9147769 |
|
| 700 |
_aIbarz, Albert, tr. _9146802 |
||
| 700 |
_aMolins, Ricardo A., ed. _9159035 |
||
| 901 | _a664.0288 I77 2004 | ||
| 902 | _aA | ||
| 905 | _a5232272004 sp amn 8222223322spa16 | ||
| 942 |
_cLIBRO _2ddc |
||
| 999 |
_c176523 _d176523 |
||